Normal view
MARC view
- Rome
Entry Geographic Name
001 - CONTROL NUMBER
- control field: 14312
003 - CONTROL NUMBER IDENTIFIER
- control field: NUST
005 - DATE AND TIME OF LATEST TRANSACTION
- control field: 20190515074836.0
008 - FIXED-LENGTH DATA ELEMENTS
- fixed length control field: 190515|| aca||aabn | a|a d
040 ## - CATALOGING SOURCE
- Original cataloging agency: NUST
- Transcribing agency: NUST
151 ## - HEADING--GEOGRAPHIC NAME
- Geographic name: Rome
- General subdivision: History
- Chronological subdivision: Republic, 265-30 B.C.
- Form subdivision: Fiction.
670 ## - SOURCE DATA FOUND
- Source citation: Work cat.: (NUST)0: Roberts, John Maddox. 14307, The sacrilege :, c1992.
